000 00271nam a2200097Ia 4500
008 231207s9999 xx 000 0 und d
082 _a80
_bWOR
100 _aRiaz Ahmad
245 4 _aThe works of Quaid-i-Azam Muhammad Ali Jinnah 1913-1916
260 _bQuaid-i-Azam University
999 _c10023
_d10023